Normal view
MARC view
- Colette,
Entry Nom personal
001 - NÚMERO DE CONTROL
- campo de control: 168703
003 - IDENTIFICADOR DEL NÚMERO DE CONTROL
- campo de control: ES-BaIT
005 - FECHA Y HORA DE LA ÚLTIMA TRANSACCIÓN
- campo de control: 20260225135143.0
008 - DATOS DE LONGITUD FIJA
- campo de control de longitud fija: 260225|| aca||aabn | a|a d
040 ## - FUENTE DE LA CATALOGACIÓN
- Centro catalogador/agencia de origen: ES-BaIT
100 0# - ENCABEZAMIENTO-NOMBRE DE PERSONA
- Nombre de persona: Colette,
- Fechas asociadas al nombre: 1873-1954
- Subdivisión de forma: Textos dramàtics


